00530nam a2200145 a 450000100100000000500170001000800410002704000250006808200150009324501160010826000510022430000210027571000390029671000490033500003830220240528191003.0130408s2000 cr r 000 0 spa d aDO-SdBNPbspacBNPHU axxxxbxxxx00aAcceso a la justicia y equidad :bestudio en siete países de América Latina /ccoordinador José Thompson. aSan José, Costa Rica :bBID ,bIIDH ,c2000. a491 p. ;c27 cm.2 aBanco Interamericano de Desarrollo1 aInstituto Interamericano de Derechos Humanos